|
|
|
|
| LEADER |
00966nam a2200241 a 4500 |
| 001 |
GR-Patra7853 |
| 008 |
991022s xxu 000 b eng d |
| 020 |
|
|
|a 0132847531
|
| 040 |
|
|
|a GrPaTEI
|b gre
|c GR-PaULI
|
| 245 |
0 |
0 |
|a Managing the strategy process :
|b хa иframework for a multibusiness firm.
|
| 260 |
|
|
|a Englewood Cliffs :
|b Prentice-Hall,
|c c1991
|
| 300 |
|
|
|a xx, 474σ.
|
| 500 |
|
|
|a Bibliography: p.460-464
|
| 650 |
|
0 |
|a STRATEGIC MANAGEMENT
|
| 650 |
|
4 |
|a ΔΙΟΙΚΗΣΗ ΚΑΙ ΟΡΓΑΝΩΣΗ
|
| 650 |
|
4 |
|a ΣΤΡΑΤΗΓΙΚΟ ΜΑΝΑΤΖΜΕΝΤ
|
| 650 |
|
4 |
|a ΣΤΡΑΤΗΓΙΚΟ ΜΑΝΑΤΖΜΕΝΤ
|
| 700 |
1 |
|
|a Chakravarthy, Balaji K.
|
| 700 |
1 |
|
|a Lorange, Peter
|
| 942 |
|
|
|2 ddc
|
| 952 |
|
|
|0 0
|1 0
|2 ddc
|4 0
|6 658_401200000000000_CHA
|7 0
|9 288902
|a LISK
|b LISK
|c BSC
|d 2021-01-17
|e 24
|f 0
|g 0.00
|l 0
|o 658.4012 CHA
|p 9241004804
|r 2021-01-17 00:00:00
|t 1
|w 2021-01-17
|y BK15
|x 19991024 0 1
|x GrPaTEI
|
| 971 |
|
|
|a .b26553685
|b 15-04-20
|c 23-09-16
|
| 999 |
|
|
|c 168572
|d 168572
|